01045nam a22003378i 450000100090000000300030000900500170001200800410002901000170007002000300008702000270011702000300014402000270017403500180020103500200021904000230023904200080026205000230027008200120029310000270030524501120033226300090044430000140045349000520046760000590051965000350057865000270061365000220064070000190066270000260068119436267LC20170127114742.0170111s2016 meu jd 000 0 eng  a 2016043121 a9781410496201 (hardcover) a1410496201 (hardcover) a9781410496218 (hardcover) a141049621X (hardcover) a(DLC)19437161 a(DLC)2016043121 aDLCbengerdacDLC apcc10aPR 6120.H67b 201600a822/.921 aThorne, Jack,eauthor.10aHarry Potter and the cursed child.nParts one and two /cby J.K. Rowling with John Tiffany and Jack Thorne. a1611 apages cm.0 aThorndike Press large print the literacy bridge10aPotter, Harryc(Fictitious character)vJuvenile drama. 0aGood and evilvJuvenile drama. 0aMagicvJuvenile drama. 0aLarge type books.1 aRowling, J. K.1 aTiffany, John,d1971-